An offering of memorial, or The penitent, calling the sins of his youth to remembrance, and pleading with God for the pardon of them : A discourse from Psalm XXV. 7. By Joseph Emerson, Pastor of the Church of Christ in Malden.

Bibliographic Details
Main Author: Emerson, Joseph, 1700-1767
Corporate Author: Gale (Firm)
Other Authors: Phillips, John, 1701-1763 (Printer)
Format: eBook
Language:English
Published: Boston : Printed for John Phillips at the Stationer's Arms, at the head of the town dock, 1732.
Subjects:
Online Access:Connect to the full text of this electronic book

MARC

Tag First Indicator Second Indicator Subfields
LEADER 00000cam a2200000 4500
001 in00003876745
005 20190415192536.0
006 m o d
007 cr |n||||||||n
008 811001s1732 xxu|||| o 00| | eng c
035 |a (CU-RivES)W1765 
035 |a (Uk-ES)006435438 
035 |a (OCoLC)510848225 
040 |a MWA  |c MWA  |d CU-RivES  |d CStRLIN  |d Cengage Gale  |d UtOrBLW 
050 4 |a Z1215  |b .E447 1732 
100 1 |a Emerson, Joseph,  |d 1700-1767.  |0 http://id.loc.gov/authorities/names/n85024219 
245 1 3 |a An offering of memorial, or The penitent, calling the sins of his youth to remembrance, and pleading with God for the pardon of them :  |b A discourse from Psalm XXV. 7. By Joseph Emerson, Pastor of the Church of Christ in Malden. 
264 1 |a Boston :  |b Printed for John Phillips at the Stationer's Arms, at the head of the town dock,  |c 1732. 
300 |a 1 online resource (4 unnumbered pages, 19, 1 unnumbered pages)  
336 |a text  |b txt  |2 rdacontent 
337 |a computer  |b c  |2 rdamedia 
338 |a online resource  |b cr  |2 rdacarrier 
500 |a Half-title: Mr. Emerson's discourse on pleading with God for the pardon of youthful sins. 
500 |a Running-title: The pardon of youthful sins pleaded for. 
509 |a Signatures: [A]⁴ B-C⁴ (C4 verso blank) 
510 4 |a Evans,  |c 3535 
510 4 |a English Short Title Catalog,  |c W1765. 
500 |a Reproduction of original from Boston Public Library. 
500 |a Electronic resource. 
650 0 |a Repentance.  |0 http://id.loc.gov/authorities/subjects/sh85112909 
655 7 |a Electronic books.  |2 local 
700 1 |a Phillips, John,  |d 1701-1763,  |e printer.  |0 http://id.loc.gov/authorities/names/n85313445 
710 2 |a Gale (Firm)  |0 http://id.loc.gov/authorities/names/no2008071348 
740 0 |a Pardon of youthful sins pleaded for. 
752 |a United States  |b Massachusetts  |d Boston. 
856 4 0 |u http://proxy.library.tamu.edu/login?url=http://find.galegroup.com/ecco/infomark.do?contentSet=ECCOArticles&docType=ECCOArticles&bookId=1478401100&type=getFullCitation&tabID=T001&prodId=ECCO&docLevel=TEXT_GRAPHICS&version=1.0&source=library&userGroupName=txshracd2898  |z Connect to the full text of this electronic book  |t 0 
999 f f |s b973ace6-f6b5-3fa0-a0a1-a2b53633593a  |i 5bf6be9a-cc90-3dbc-ac1d-28ce5dab99db  |t 0 
952 f f |a Texas A&M University  |b College Station  |c Electronic Resources  |d Available Online  |t 0  |e Z1215 .E447 1732  |h Library of Congress classification 
998 f f |a Z1215 .E447 1732  |t 0  |l Available Online